Statistics for Coldest to Hottest States

Click here to take the quiz!

General Stats

  • This quiz has been taken 57 times
    (42 since last reset)
  • The average score is 11 of 50

Answer Stats

Answer% Correct
Alaska
100%
Minnesota
80%
North Dakota
80%
Maine
65%
Wyoming
50%
Vermont
45%
Arizona
40%
Florida
40%
Montana
35%
Colorado
30%
Idaho
30%
Michigan
30%
New Hampshire
30%
Iowa
25%
Texas
25%
Wisconsin
25%
Georgia
20%
Louisiana
20%
New York
20%
South Carolina
20%
South Dakota
20%
Alabama
15%
California
15%
Connecticut
15%
Massachusetts
15%
Mississippi
15%
Rhode Island
15%
Washington
15%
Arkansas
10%
Hawaii
10%
Illinois
10%
Missouri
10%
North Carolina
10%
Oklahoma
10%
Oregon
10%
Pennsylvania
10%
Tennessee
10%
Nebraska
5%
New Mexico
5%
Ohio
5%
Utah
5%
Virginia
5%
Delaware
0%
Indiana
0%
Kansas
0%
Kentucky
0%
Maryland
0%
Nevada
0%
New Jersey
0%
West Virginia
0%

Score Distribution

Percentile by Number Answered

Percent of People with Each Score

Your Score History

You have not taken this quiz since the last reset